000 00302nam a22001337a 4500
008 180224b xxu||||| |||| 00| 0 eng d
020 _a18058
041 _aeng
080 _a371
100 _a25
101 _aEDU
245 _aStyle: Ten Lessons in Clarity & Grace
_cWilliams, J.M
942 _2udc
_cBK
999 _c43364
_d43364